00321nam a2200121Ia 4500008004100000100003400041245003600075260004200111300000800153650001400161942000700175999001700182190216s9999||||xx |||||||||||||| ||und|| aBoard Of Studies In Malayalam 0aNavakairali (kavitha Samaharam) bCalicut University Publicationsc1998 a56p aKavithkal cBK c27795d27795